00808nam a2200229 a 450000100100000000500170001000800410002704000250006804100380009308200190013110000340015024000290018424500770021326000460029030000260033649000110036253400900037365000220046365000550048570000270054083000110056700001163620200929162518.0091021s1969 ve 001 0 spa d aDO-SdBNPbspacBNPHU17aspahfre2Código de idioma MARC a844.912bB641L1 aBlanchot, Maurice,d1907-200313aLivre a venirlFrancés13aEl libro que vendra /cMaurice Blanchot ; traducción, Pierre de Place. aCaracas, Venezuela :bMonte Avila,c1969. a283, [3] p. ;c20 cm.1 aPrisma pTítulo original en francés:tLe livre a venircFrancia : Editions Gallimard, 1959 4aEnsayos franceses 4aLiteratura francesasxCrítica e interpretación1 aPlace, Pierre de,etr. 0aPrisma